Product Category Affiliation and Differentiation As a Key Step to the Successful Brand Positioning Within the Selected Company diplomová práca

Gespeichert in:
Bibliographische Detailangaben
1. Verfasser: Conjeevaram Nandakumar, Shruthi
Körperschaft: Obchodná fakulta EU. Katedra marketingu
Weitere Verfasser: Mravec, Martin, 1972-
Format: Buch
Sprache:Englisch
Veröffentlicht: Bratislava 2024
Tags: Tag hinzufügen
Keine Tags, Fügen Sie das erste Tag hinzu!

MARC

LEADER 00000nbm a2200000 4500
001 0304092
005 20250625132321.1
041 0 |a eng 
044 |a SK 
245 1 0 |a Product Category Affiliation and Differentiation As a Key Step to the Successful Brand Positioning Within the Selected Company  |b diplomová práca  |c Shruthi Conjeevaram Nandakumar ; školiteľ: Martin Mravec 
264 1 |a Bratislava  |c 2024 
300 |a 65 s. 
100 1 |a Conjeevaram Nandakumar, Shruthi 
700 1 |a Mravec, Martin, 1972- 
710 2 |a Obchodná fakulta EU. Katedra marketingu